Quiz o Ameryce Południowej - Statystyki

Ogólne statystyki
  • Ten quiz został rozwiązany 108 razy
  • Średni wynik to 9 z 13
Statystyki odpowiedzi
Odpowiedź % Poprawnych
Największe państwo (powierzchnia): Brazylia
100%
Państwa posiadające tereny na równiku: Ekwador/Kolumbia/Brazylia
100%
Państwa śródlądowe: Paragwaj/Boliwia
91%
Najlepiej rozwinięte państwo (HDI): Chile
90%
Najmniejsze państwo (powierzchnia): Surinam
89%
Najdłuższa rzeka: Amazonka
87%
Najsłabiej rozwinięte państwo (HDI): Gujana
85%
Najdłuższe pasmo górskie: Andy
74%
Największe miasto (ludność): Sao Paulo
66%
Trzecie największe miasto (ludność): Bogota
57%
Drugie największe miasto (ludność): Lima
50%
Najwyższy szczyt: Aconcagua
36%
Największy akwen wodny: Titicaca
16%
Nie znaleziono quizów pasujących do podanych kryteriów
Rozkład punktacji
Procent ludzi z każdym wynikiem
Percentyl według liczby udzielonych odpowiedzi
Twoja historia wyników
Nie rozwiązałeś tego quizu